| 000 | 01008nam a2200253Ia 4500 | ||
|---|---|---|---|
| 003 | IN-BaIIA | ||
| 008 | 211028s9999 xx 000 0 eng d | ||
| 020 | _a1-58381-046-3 | ||
| 040 | _cIIA Library | ||
| 080 |
_a082.2:52 _bASP-215 |
||
| 110 |
_aAstronomical Society of the Pacific _91154 |
||
| 111 |
_aGuillermo Haro Conference on Astrophysics _n3rd _cPuebla, Mexico _d1999 Nov. 15-19 _924761 |
||
| 245 | 0 |
_aCosmic evolution and galaxy formation _bstructure, interactions and feedback, proceedings of the 3rd Guillermo Haro astrophysics conference held in Puebla, Mexico, November 15-19, 1999 _cedited by J. Franco... [et al.] |
|
| 260 |
_aCalifornia _bAstronomical Society of the Pacific _c2000 |
||
| 300 | _axviii, 320p. | ||
| 490 | _aASP conference series; v. 215 | ||
| 650 |
_aGalaxies _91286 |
||
| 650 |
_aQuasars _91096 |
||
| 700 |
_aAretxaga, I., eds. _924762 |
||
| 700 |
_aFranco, J., ed. _924763 |
||
| 700 |
_aLopez-Cruz, O., ed. _924764 |
||
| 700 |
_aTerlevich, E., ed. _920772 |
||
| 942 | _cBK | ||
| 999 |
_c14085 _d14085 |
||